Dating the Passion (Record no. 115303)
[ view plain ]
| 000 -LEADER | |
|---|---|
| fixed length control field | 01732nam a2200373 a 4500 |
| 082 04 - DEWEY DECIMAL CLASSIFICATION NUMBER | |
| Classification number | 529 |
| 100 1# - MAIN ENTRY--AUTHOR NAME | |
| Personal name | Nothaft, C. Philipp E. |
| 245 10 - TITLE STATEMENT | |
| Title | Dating the Passion |
| 260 ## - PUBLICATION, DISTRIBUTION, ETC. (IMPRINT) | |
| Place of publication | Leiden ; |
| -- | Boston : |
| Name of publisher | Brill, |
| Year of publication | 2012. |
| 300 ## - PHYSICAL DESCRIPTION | |
| Number of Pages | vi, 319 p. |
| 490 1# - SERIES STATEMENT | |
| Series statement | Time, astronomy, and calendars, |
| 500 ## - GENERAL NOTE | |
| General note | Substantially the revised English version of the author's German dissertation, entitled Das Leben Jesu und die Entstehung der wissenschaftlichen Chronologie: Eine problemgeschichtliche Studie (200- 1600), which was submitted to the Ludwig Maximilian University of Munich in October 2010. |
| 650 #0 - SUBJECT ADDED ENTRY--TOPICAL TERM | |
| Topical Term | Chronology, Historical. |
| Topical Term | History |
| Topical Term | Chronology |
| Topical Term | Calendar |
| 856 40 - ELECTRONIC LOCATION AND ACCESS | |
| Uniform Resource Identifier | http://site.ebrary.com/lib/rucke/Doc?id=10502513 |
No items available.
